000 00292nam a22001337a 4500
008 170908b xxu||||| |||| 00| 0 eng d
020 _a9780393320824
041 _aeng
080 _a91
100 _a42
101 _aGJEO
245 _aSTATE OF THE WORLD 2001
_cBROWN,L.R
942 _2udc
_cBK
999 _c26893
_d26893